|
|
|
|
| LEADER |
01016nam a22002892a 4500 |
| 001 |
000919074 |
| 003 |
CZ BrMZK |
| 005 |
20081029091018.0 |
| 007 |
ta |
| 008 |
081029s1983 gw a er|||||||||||ger d |
| 040 |
|
|
|a ABA001
|b cze
|c ABA001
|d ABA001
|d BOA001
|
| 041 |
1 |
|
|a ger
|h slo
|
| 080 |
9 |
|
|a 943.72(437.2)
|
| 080 |
9 |
|
|a 943.76(437.2)
|
| 080 |
9 |
|
|a 739(437.2)
|
| 080 |
9 |
|
|a 904(437.2)"08/09":084
|
| 100 |
1 |
|
|a Dekan, Ján,
|d 1919-2007
|7 jn20000601299
|4 aut
|
| 245 |
1 |
0 |
|a Moravia Magna :
|b das Grossmährische Reich und seine Kunst /
|c Ján Dekan ; Übersetzt von Helena Katriňáková ; Fotos von Alexander Paul Sen. und Jun.
|
| 260 |
|
|
|a Hanau :
|b Dausien,
|c 1983
|
| 300 |
|
|
|a 190 s. :
|b il.
|
| 500 |
|
|
|a Přeloženo ze slovenštiny
|
| 504 |
|
|
|a Obsahuje bibliografii
|
| 910 |
|
|
|a BOA001
|b 4-0872.446
|
| 964 |
|
|
|a Velkomoravská říše - umělecké památky - obrazové publikace
|
| 990 |
|
|
|a BK
|
| 991 |
|
|
|b 200810
|
| 996 |
6 |
|
|b BC-614384
|c 4-0872.446
|l MZK
|r Sklad / do 1 hodiny
|n 0
|w 000919074
|u 000010
|a 1
|e BOA001
|j MZK50
|s P
|